Подробности
| 000 -МАРКЕР |
| контрольное поле |
02930nem2a2200385 4500 |
| 001 - ИДЕНТИФИКАТОР ЗАПИСИ |
| контрольное поле |
RU\NLR\BIBL_A\022514932 |
| 005 - ИДЕНТИФИКАТОР ВЕРСИИ |
| контрольное поле |
20250627150322.0 |
| 010 ## - МЕЖДУНАРОДНЫЙ СТАНДАРТНЫЙ НОМЕР КНИГИ (ISBN) |
| Номер (ISBN) |
978-5-00193-676-3 |
| Тираж |
100 |
| 035 ## - ДРУГИЕ СИСТЕМНЫЕ НОМЕРА |
| Идентификатор записи |
(NLR Aleph) 022514932 |
| 100 ## - ДАННЫЕ ОБЩЕЙ ОБРАБОТКИ |
| Данные общей обработки |
20250407d2023 |||y0rusy50 ca |
| 101 0# - ЯЗЫК РЕСУРСА |
| Язык текста, звукозаписи и т.д. |
русский |
| 102 ## - СТРАНА ПУБЛИКАЦИИ ИЛИ ПРОИЗВОДСТВА |
| Страна публикации |
Российская Федерация |
| 120 ## - ПОЛЕ КОДИРОВАННЫХ ДАННЫХ: КАРТОГРАФИЧЕСКИЕ МАТЕРИАЛЫ - ОБЩИЕ ХАРАКТЕРИСТИКИ |
| Кодированные данные о картографическом материале (общие) |
byby xx|| |
| 123 1# - ПОЛЕ КОДИРОВАННЫХ ДАННЫХ: КАРТОГРАФИЧЕСКИЕ МАТЕРИАЛЫ - МАСШТАБ И КООРДИНАТЫ |
| Тип масштаба |
a |
| Постоянное отношение линейного горизонтального масштаба |
1000000 |
| 200 1# - ЗАГЛАВИЕ И СВЕДЕНИЯ ОБ ОТВЕТСТВЕННОСТИ |
| Основное заглавие |
Лист R-58 - Билибино |
| Общее обозначение материала |
Карты |
| Первые сведения об ответственности |
Исполнители работ: ФГБУ «ВСЕГЕИ» |
| Последующие сведения об ответственности |
Авт.: Е.П. Исаева и др. |
| -- |
Гл. науч. ред. комплекта: В.И. Шпикерман, Г.В. Шнейдер |
| 206 ## - ОБЛАСТЬ СПЕЦИФИЧЕСКИХ СВЕДЕНИЙ: КАРТОГРАФИЧЕСКИЕ МАТЕРИАЛЫ - МАТЕМАТИЧЕСКИЕ ДАННЫЕ |
| Сведения о математических данных |
1:1 000 000 |
| 210 ## - ПУБЛИКАЦИЯ, РАСПРОСТРАНЕНИЕ И ДР. |
| Место издания, распространения и т.д. |
Санкт-Петербург |
| Имя издателя, распространителя и т. д. |
Изд-во ВСЕГЕИ |
| Дата издания, распространения и т.д. |
2023 |
| 215 ## - ФИЗИЧЕСКАЯ ХАРАКТЕРИСТИКА |
| Специфическое обозначение материала и объем |
4 к. (6 л.) |
| Другие сведения о физической характеристике |
цв., схемы, проф., табл. |
| Размеры |
93х66 и др., в кор. 25х17 см |
| Сопроводительный материал |
6 электрон. опт. дисков (CD-ROM); 12 см |
| 225 1# - СЕРИЯ |
| Основное заглавие серии |
Серия Чукотская |
| 300 ## - ОБЩИЕ ПРИМЕЧАНИЯ |
| Текст примечания |
Карты: Карта закономерностей размещения и прогноза полезных ископаемых; Карта прогноза на нефть и газ; Карта полезных ископаемых; Геологическая карта дочетвертичных образований |
| 327 1# - ПРИМЕЧАНИЯ О СОДЕРЖАНИИ |
| Текст примечания |
Доп. карты: Тектоническая схема.- 1:2 500 000; Схема глубинного строения.- 1:2 500 000.- Гидрогеологическая схема.- 1:2 500 000; Схема прогноза коренных полезных ископаемых.- 1:2 500 000; Схема прогноза россыпных полезных ископаемых.- 1:2 500 000 |
| 461 #0 - УРОВЕНЬ НАБОРА |
| Встроенное поле |
001RU\NLR\BIBL_A\012660634 |
| -- |
2001#$aГосударственная геологическая карта Российской Федерации |
| Системный номер (АБИС) связанной записи |
12754783 |
| Место публикации |
Санкт-Петербург |
| Дата публикации |
2019-2022 |
| Издание |
3-е поколение |
| Первые сведения об ответственности |
Оформл. и отпеч. на картогр. ф-ке ВСЕГЕИ |
| Имя издателя, распространителя и т.д. |
ВСЕГЕИ |
| Физическая характеристика |
...компл |
| Заглавие |
Государственная геологическая карта Российской Федерации: Карты |
| 509 01 - ЗАГОЛОВОК -СТРУКТУРИРОВАННОЕ ГЕОГРАФИЧЕСКОЕ ИЛИ ТЕМАТИЧЕСКОЕ НАИМЕНОВАНИЕ |
| Графика поля |
Кириллица |
| Географическое / тематическое наименование – начальный элемент ввода |
Чукотский автономный округ |
| Системный номер авторитетной/нормативной записи |
2635101 |
| Идентификатор авторитетной / нормативной записи |
RU\NLR\auth_crt\551933 |
| 509 01 - ЗАГОЛОВОК -СТРУКТУРИРОВАННОЕ ГЕОГРАФИЧЕСКОЕ ИЛИ ТЕМАТИЧЕСКОЕ НАИМЕНОВАНИЕ |
| Графика поля |
Кириллица |
| Географическое / тематическое наименование – начальный элемент ввода |
Восточно-Сибирское море |
| Системный номер авторитетной/нормативной записи |
2635243 |
| Идентификатор авторитетной / нормативной записи |
RU\NLR\auth_crt\552075 |
| 606 1# - НАИМЕНОВАНИЕ ТЕМЫ КАК ПРЕДМЕТ |
| Наименование темы |
Четвертичные отложения |
| Формальный подзаголовок |
Карты |
| Системный номер авторитетной/нормативной записи |
990894 |
| Идентификатор авторитетной/нормативной записи |
RU\NLR\AUTH\6656346 |
| 607 ## - ГЕОГРАФИЧЕСКОЕ НАИМЕНОВАНИЕ КАК ПРЕДМЕТ |
| Географическое наименование |
Чукотский автономный округ |
| Формальный подзаголовок |
Карты |
| Тематический подзаголовок |
Геология |
| Системный номер авторитетной/нормативной записи |
1312452 |
| Идентификатор авторитетной/нормативной записи |
RU\NLR\AUTH\66544497 |
| 608 ## - ФОРМА, ЖАНР, ФИЗИЧЕСКИЕ ХАРАКТЕРИСТИКИ ДОКУМЕНТА КАК ТОЧКА ДОСТУПА |
| Начальный элемент ввода |
Карты полезных ископаемых |
| Системный номер авторитетной/нормативной записи |
2327007 |
| Идентификатор авторитетной/нормативной записи |
RU\NLR\AUTH\661391795 |
| 702 #1 - ИМЯ ЛИЦА - ВТОРИЧНАЯ ОТВЕТСТВЕННОСТЬ |
| Начальный элемент ввода |
Исаева |
| Часть имени, кроме начального элемента ввода |
Е.П. |
| Код отношения |
Автор |
| 702 #1 - ИМЯ ЛИЦА - ВТОРИЧНАЯ ОТВЕТСТВЕННОСТЬ |
| Начальный элемент ввода |
Шпикерман |
| Часть имени, кроме начального элемента ввода |
В.И. |
| Код отношения |
Главный редактор, Литературный редактор, Редактор серии |
| 702 #1 - ИМЯ ЛИЦА - ВТОРИЧНАЯ ОТВЕТСТВЕННОСТЬ |
| Начальный элемент ввода |
Шнейдер |
| Часть имени, кроме начального элемента ввода |
Г.В. |
| Код отношения |
Главный редактор, Литературный редактор, Редактор серии |
| 852 ## - МЕСТОНАХОЖДЕНИЕ И ШИФР ХРАНЕНИЯ |
| Идентификатор организации |
NLR |
| Наименование фонда или коллекции (Sub-Location Identifier) |
К |
| Шифр хранения (Call Number) |
4-Союз 6/5000 |
| Идентификатор единицы |
24-286 |
| 942 ## - ДОПОЛНИТЕЛЬНЫЕ ЭЛЕМЕНТЫ ЗАПИСИ (АБИС) |
| Тип экземпляра АБИС |
Карта |
| 980 ## - КОЛЛЕКЦИЯ |
| Название коллекции |
Национальная библиография |